| 000 | 00478nam a22001577a 4500 | ||
|---|---|---|---|
| 082 | _aT-170, CEM | ||
| 100 |
_aAnwar Zeb _948584 |
||
| 245 |
_aFactors affecting resource management of building projects in KPK Pakistan _cAnwar Zeb |
||
| 260 |
_aRisalpur _bMCE _c2014 |
||
| 300 | _ap 79.: | ||
| 526 |
_a0 _b0 _c0 _dT_170_CEM |
||
| 650 |
_aMSC in Construction Engineering Management _948585 |
||
| 650 |
_aThesis _934811 |
||
| 700 |
_aDr Abdul Qadoos Khan _948586 |
||
| 942 |
_2ddc _cBK |
||
| 999 |
_c551464 _d551464 |
||